Training needs in Food Technology of Bachelor of Science in Industrial Education graduates of Cavite State University Rosario Campus S.Y. 20021-2002 and 2002-2003 / (Record no. 4002)

MARC details
000 -LEADER
fixed length control field 01485nam a22003137a 4500
003 - CONTROL NUMBER IDENTIFIER
control field OSt
005 - DATE AND TIME OF LATEST TRANSACTION
control field 20260415003908.0
008 - FIXED-LENGTH DATA ELEMENTS--GENERAL INFORMATION
fixed length control field 250324b ||||| |||| 00| 0 eng d
040 ## - CATALOGING SOURCE
Language of cataloging English.
Transcribing agency CvSU-CCAT Campus Library.
Description conventions rda.
050 ## - LIBRARY OF CONGRESS CALL NUMBER
Classification number UM TX 353
Item number B39 2005
100 ## - MAIN ENTRY--PERSONAL NAME
Personal name Bay, Mylyn A., author.
9 (RLIN) 15599
245 ## - TITLE STATEMENT
Title Training needs in Food Technology of Bachelor of Science in Industrial Education graduates of Cavite State University Rosario Campus S.Y. 20021-2002 and 2002-2003 /
Statement of responsibility, etc. Mylyn A. Bay, Armie P. Lontoc, Juvy C. Merza.
260 ## - PUBLICATION, DISTRIBUTION, ETC.
Place of publication, distribution, etc. Rosario, Cavite :
Name of publisher, distributor, etc. Cavite State University-CCAT Campus,
Date of publication, distribution, etc. 2005
300 ## - PHYSICAL DESCRIPTION
Extent xii, 30 leaves :
Other physical details illustrations ;
Dimensions 28 cm
500 ## - GENERAL NOTE
General note Undergraduate Thesis (BSIE Major in Food Technology) -- Cavite State University-CCAT Campus, 2005.
504 ## - BIBLIOGRAPHY, ETC. NOTE
Bibliography, etc. note Includes bibliographical references and appendices.
520 ## - SUMMARY, ETC.
Expansion of summary note
546 ## - LANGUAGE NOTE
Language note In English text
650 ## - SUBJECT ADDED ENTRY--TOPICAL TERM
Topical term or geographic name entry element Food industry and trade
General subdivision Study and teaching (Higher)
9 (RLIN) 16852
650 ## - SUBJECT ADDED ENTRY--TOPICAL TERM
Topical term or geographic name entry element Industrial arts
General subdivision tudy and teaching
Geographic subdivision Philippines.
9 (RLIN) 16853
650 ## - SUBJECT ADDED ENTRY--TOPICAL TERM
Topical term or geographic name entry element Technical education
Geographic subdivision Philippines.
9 (RLIN) 16854
650 ## - SUBJECT ADDED ENTRY--TOPICAL TERM
Topical term or geographic name entry element Educational surveys
Geographic subdivision Philippines
-- Cavite.
9 (RLIN) 16855
650 ## - SUBJECT ADDED ENTRY--TOPICAL TERM
Topical term or geographic name entry element College graduates
General subdivision Training of
Geographic subdivision Philippines.
9 (RLIN) 16856
700 ## - ADDED ENTRY--PERSONAL NAME
Personal name Lontoc, Armie P., author.
9 (RLIN) 15600
700 ## - ADDED ENTRY--PERSONAL NAME
Personal name Merza, Juvy C., author.
9 (RLIN) 15601
700 ## - ADDED ENTRY--PERSONAL NAME
Personal name Ventura, Romulo V., adviser.
9 (RLIN) 14886
942 ## - ADDED ENTRY ELEMENTS (KOHA)
Koha item type Thesis/Manuscripts/Dissertations
Classification part TX 353 B39 2005
Call number prefix UM
Source of classification or shelving scheme Library of Congress Classification
Holdings
Withdrawn status Lost status Source of classification or shelving scheme Damaged status Not for loan Collection code Home library Current library Shelving location Date acquired Coded location qualifier Full call number Barcode Date last seen Copy number Price effective from Koha item type
    Library of Congress Classification     Thesis/Manuscript/Dissertation Cavite State University - CCAT Campus Cavite State University - CCAT Campus TH 03/21/2005 UM UM TX 353 B39 2005 T0000187 03/24/2025 1 03/24/2025 Thesis/Manuscripts/Dissertations